000 00570nam a22002057a 4500
005 20210426124528.0
008 210201b2010 eng||||| |||| 00| 0 eng d
020 _a9781427727473
040 _cDLC
041 _aeng
080 _a33
_bK-20
100 _9751
_aCFA Chartered financial analyst
245 _aEthical end professional standards quantitative methods, and economics
250 _alevel 2, book 1
260 _bkaplan schvester
_c2010
300 _a374 p.:
_bill
650 0 _9446
_aEconomics
653 _aეკონომიკა
942 _2udc
_cBK
999 _c1101
_d1101